000 00850nam a22003017i 4500
001 0006626
003 DO-SdBNP
005 20240209092719.0
007 0006626
008 871204s1986 sp spa
015 _a
020 _a842724018X
035 _a
040 _aBPMSU
_bspa
_cBPMSU
_e
082 4 _a813.4
_bT969J 1986
_222
100 1 _aTwain, Mark
_d1835-1910
240 1 0 _a
_l
245 1 0 _aJuana de Arco /
_cMark Twain ; adaptación de Juan A.G. Larraya
_h
260 _aBarcelona :
_bEditora Molino,
_cD.L. 1986
300 _a187 p. ;
_c21 cm
490 0 _aClásicos juveniles Molino,
_v18
590 _aInventariado, 2024/VM
600 1 4 _aArco, Juana de,
_cSanta
_d1431-1431
650 4 _aNovela juvenil estadounidense
650 4 _aLiteratura estadounidense
910 _aVMateo V. Control de calidad.
942 _2ddc
_cBK
999 _c11057
_d11057